تازہ روٹی کی میہک / (Record no. 172022)

MARC details
000 -LEADER
fixed length control field 00504nam a22001937a 4500
005 - DATE AND TIME OF LATEST TRANSACTION
control field 20200124162609.0
010 ## - LCCN (DPL NO)
LC control number A-791361
020 ## - INTERNATIONAL STANDARD BOOK NUMBER
Terms of availability 100.00
035 ## - SYSTEM CONTROL NUMBER
System control number A-791361
037 ## - SOURCE OF ACQUISITION
Source of stock number/acquisition BPPD/Pub.
082 ## - DEWEY DECIMAL CLASSIFICATION NUMBER
Classification number ک
100 ## - MAIN ENTRY--PERSONAL NAME
Personal name میہدی ٹونکی
245 ## - TITLE STATEMENT
Title تازہ روٹی کی میہک /
Statement of responsibility, etc میہدی ٹونکی
246 ## - VARYING FORM OF TITLE
Title proper/short title Taaza Roti ki Mehek (Urdu) /
Remainder of title by Mehdi Tonki
260 ## - PUBLICATION, DISTRIBUTION, ETC. (IMPRINT)
Place of publication, distribution, etc -
Name of publisher, distributor, etc -
Date of publication, distribution, etc 1996 ء
270 ## - ADDRESS
Address -
City -
Postal code -
300 ## - PHYSICAL DESCRIPTION
Extent 144p.
Dimensions 22cm(Hb)
942 ## - ADDED ENTRY ELEMENTS (KOHA)
Source of classification or shelving scheme Dewey Decimal Classification
Item type Urdu Bks
Classification part ک
Call number suffix م ہ د
Holdings
Withdrawn status Lost status Not for loan Collection code Home library Current library Date acquired Source of acquisition Cost, normal purchase price Full call number Barcode Copy number Cost, replacement price Koha item type
      Non-fiction Central Library Central Library 24/01/2020 BPPD/Ven. 100.00 ک م ہ د A-791361 1 100.00 Urdu Bks

© Delhi Public Library
Hit Counter
free hit counter